000 00866nam a22001577a 4500
003 OSt
005 20161026155302.0
008 161026b xxu||||| |||| 00| 0 eng d
040 _cRUA
082 _aVEM TEP 2015 B517 Or.
100 _910958
_aTEP SOMALENETH; ទេព សុម៉ាលីណែត
245 _aStudy on Gumboro disease of local chicken and their antibodies by using Ha and Hi-Test at punnhealeu district, kandal province; សិក្សាទៅលើវត្តមានមេរោគនៃជំងឺ Gumboro របស់មាន់ពូជក្នុងស្រុក និងអង់ទីក័ររបស់វាតាមរយៈ Ha and Hi-Test នៅក្នុងស្រុកពញ្ញាឮ ខេត្តកណ្តាល
260 _aPhnom Penh
_bRUA
_c2015
300 _ax; 31p.
_bill.
_c29cm.
942 _2ddc
_cVEM
999 _c10545
_d10545